Jak dál v evropském zemědělském pojištění?

Konfederácia európskeho poľnohospodárstva CEA a jednanie pracovnej skupiny pre poistenie a sociálne otázky v poľnohospodárstve, ktoré sa konalo v Barcelone v dňoch 22. - 23. apríla 2004. Situácia poľnohospodárstva v Katalánsku. Poľnohospodárske podmienky v Španielsku. Španielsky systém sociálnej oc...

Ausführliche Beschreibung

Gespeichert in:
Bibliographische Detailangaben
1. Verfasser: Vilhelm, Václav
Format: Buchkapitel
Sprache:Tschechisch
Schlagworte:
Tags: Tag hinzufügen
Keine Tags, Fügen Sie das erste Tag hinzu!

MARC

LEADER 00000naa$a2200000$$$4500
001 0013661
005 20230927101312.3
041 0 |a cze 
044 |a CZ 
245 1 0 |a Jak dál v evropském zemědělském pojištění?  |c aut. Václav Vilhelm 
520 |a Konfederácia európskeho poľnohospodárstva CEA a jednanie pracovnej skupiny pre poistenie a sociálne otázky v poľnohospodárstve, ktoré sa konalo v Barcelone v dňoch 22. - 23. apríla 2004. Situácia poľnohospodárstva v Katalánsku. Poľnohospodárske podmienky v Španielsku. Španielsky systém sociálnej ochrany poľnohospodárov. Systém poistenia poľnohospodárstva v Španielsku. Systém poistenia plodín v Severnej Amerike. Informácia o návrhoch Európskeho poisťovacieho výboru (CEA). 
610 2 0 |a poistenie 
610 2 0 |a poistenie sociálne 
610 2 0 |a poistenie poľnohospodárske 
610 2 0 |a ochrana sociálna 
610 2 0 |a poľnohospodárstvo 
610 2 0 |a Španielsko 
610 2 0 |a Severná Amerika 
100 1 |a Vilhelm, Václav